[Event "Deltalift Open 2014"]
[Site "Tylosand"]
[Date "2014.05.29"]
[Round "2.15"]
[White "Bernhardsson, Sten"]
[Black "Wiander, Mikael"]
[Result "0-1"]
[WhiteElo "2078"]
[BlackElo "2312"]

1.d4 Nf6 2.Nf3 Ne4 3.g3 d5 4.Bg2 e6 5.O-O Bd6 6.c4 O-O 7.c5 Be7 8.Nc3 f5 
9.Bf4 c6 10.Qc2 Qe8 11.b4 Qh5 12.a4 g5 13.Be5 Nd7 14.Bc7 Rf6 15.Rfd1 Rh6 
16.h3 Ndf6 17.Ne5 Nxc3 18.Qxc3 Qxe2 19.Bf3 Ne4 20.Bxe4 dxe4 21.g4 e3 22.
Qxe3 Qxe3 23.fxe3 Rxh3 24.Re1 Bf6 25.Kg2 Rh4 26.gxf5 exf5 27.Kf3 Be6 28.
Rg1 Rh2 29.b5 Bd5+ 30.Kg3 Re2 31.Rae1 Rxe1 32.Rxe1 h5 33.Rf1 h4+ 34.Kh2 
Be4 35.Nc4 Kg7 36.Nd6 Kg6 37.Nxb7 cxb5 38.Nd6 bxa4 39.Ra1 g4 40.Nxe4 fxe4 
41.Rxa4 a6 42.d5 Rc8 43.d6 Be5+ 44.Kg1 Ra8 45.c6 h3 46.Rxe4 h2+ 47.Kh1 Rf8
48.Rxe5 g3 49.Re6+ Kg7 50.Re7+ Kg8 51.d7 Rf1+ 52.Kg2 h1=Q+ 53.Kxg3 Qf3+ 
54.Kh4 Rh1+ 55.Kg5 Rg1+ 56.Kh4 Qh1+ 57.Bh2 Qxh2# 0-1

[Event "Deltalift Open 2014"]
[Site "Tylosand"]
[Date "2014.05.29"]
[Round "2.16"]
[White "Rosberg, Simon"]
[Black "Eriksson, Kristian"]
[Result "1-0"]
[WhiteElo "2307"]
[BlackElo "2094"]

1.Nf3 Nf6 2.c4 e6 3.g3 c5 4.Bg2 Nc6 5.O-O d5 6.cxd5 exd5 7.d4 Be7 8.b3 O-O
9.Bb2 Be6 10.Nc3 Ne4 11.dxc5 Bxc5 12.e3 Nxc3 13.Bxc3 Qe7 14.Qd2 Rfd8 15.
Rac1 Rac8 16.Bxg7 Bxe3 17.fxe3 Kxg7 18.Nd4 Nxd4 19.Qxd4+ Kg8 20.Rxc8 Rxc8 
21.Qxa7 Qc7 22.Qd4 Qc3 23.Qf4 Qd3 24.h4 Rc3 25.Re1 Qd2 26.Qf2 Rc2 27.Qxd2 
Rxd2 28.Ra1 Re2 29.Rd1 Rxe3 30.Bxd5 Bxd5 31.Rxd5 Rxg3+ 32.Kf2 Rg6 33.Rb5 
b6 34.a4 Re6 35.Kf3 Kf8 36.Kf4 Ke7 37.Re5 Kd6 38.Rf5 f6 39.Rh5 Re7 40.b4 
Rc7 41.Rb5 Rc4+ 42.Kf5 Kc6 43.h5 Rc1 44.Kxf6 Ra1 45.Rg5 Rxa4 46.b5+ Kd6 
47.Kg7 Ra7+ 48.Kh6 Rc7 49.Rg1 Rc5 50.Rb1 Ke5 51.Kxh7 Kf6 52.Kh6 Rc8 53.
Rf1+ Ke5 54.Kg7 Rc5 55.h6 Rxb5 56.h7 1-0

[Event "Deltalift Open 2014"]
[Site "Tylosand"]
[Date "2014.05.29"]
[Round "2.17"]
[White "Stray, Gunnar"]
[Black "Wallin, Dennis"]
[Result "1/2-1/2"]
[WhiteElo "2064"]
[BlackElo "2300"]

1.d4 e6 2.Nf3 c5 3.g3 b6 4.Bg2 Bb7 5.c3 Nf6 6.O-O Be7 7.a4 O-O 8.Nbd2 cxd4
9.Nxd4 Bxg2 10.Kxg2 d5 11.N2f3 Qc8 12.a5 Nc6 13.Nxc6 Qxc6 14.Nd4 Qc4 15.
Qd3 Bc5 16.Qxc4 dxc4 17.Nb5 Rfc8 18.a6 Be7 19.Bg5 Rc5 20.Bxf6 gxf6 21.Nd4 
f5 22.Rfd1 Rd8 23.Nc2 Rcd5 24.Ne3 Rxd1 1/2-1/2

[Event "Harplinge Mini Open 2014"]
[Site "Tylosand"]
[Date "2014.05.29"]
[Round "2.19"]
[White "Tornberg, Carlos"]
[Black "Eisele, Simon"]
[Result "1/2-1/2"]
[WhiteElo "1549"]
[BlackElo "1396"]

1.e4 b6 2.d4 Bb7 3.Nd2 e6 4.Ngf3 d6 5.c4 Nd7 6.Bd3 Ngf6 7.O-O Be7 8.Re1 e5
9.dxe5 Nxe5 10.Nxe5 dxe5 11.Qa4+ c6 12.Qc2 O-O 13.Nf3 Bd6 14.Bg5 Re8 15.
Qc3 c5 16.Rad1 Re6 17.Bc2 Qc7 18.Bh4 h6 19.Qd2 Rd8 20.Bxf6 Rxf6 21.Re3 Be7
22.Rd3 Rfd6 23.Rxd6 Rxd6 24.Qe2 f6 25.Rxd6 Qxd6 26.Nh4 Bc8 27.g3 Qd4 28.
Bd3 Bh3 29.Nf3 Qd7 30.Kh1 Bg4 31.Kg2 Bh3+ 32.Kg1 Bg4 33.Kg2 Qa4 34.b3 
Bxf3+ 35.Kxf3 Qb4 36.h4 Qc3 37.Qc2 Qxc2 38.Bxc2 1/2-1/2

[Event "Harplinge Mini Open 2014"]
[Site "Tylosand"]
[Date "2014.05.29"]
[Round "2.20"]
[White "Ng, Agnes"]
[Black "Forsberg, Fredrik"]
[Result "1-0"]
[WhiteElo "1317"]
[BlackElo "1515"]

1.e4 Nf6 2.Nc3 d5 3.exd5 Nxd5 4.Nf3 Bg4 5.Be2 Nf4 6.O-O Nc6 7.d3 Nxe2+ 8.
Qxe2 Nd4 9.Qe4 Nxf3+ 10.gxf3 Bc8 11.Bf4 Qd7 12.Ne2 g5 13.Be5 f6 14.Bg3 f5 
15.Qe5 Rg8 16.f4 Bg7 17.Qe3 Bh6 18.f3 Qd6 19.Kh1 Qc6 20.c3 b6 21.Rae1 Qe6 
22.Qd2 Qd5 23.Nd4 Bg7 24.Qe3 Bf8 25.fxg5 Bd7 26.Bxc7 Qxa2 27.Bd6 O-O-O 28.
Bg3 Qxb2 29.Qe5 Kb7 30.Qc7+ Ka6 1-0

[Event "Deltalift Open 2014"]
[Site "Tylosand"]
[Date "2014.05.29"]
[Round "3.1"]
[White "Persson, Tiger Hillarp"]
[Black "Rosberg, Simon"]
[Result "1-0"]
[WhiteElo "2556"]
[BlackElo "2255"]

1.d4 d5 2.c4 c6 3.Nf3 Nf6 4.Nc3 dxc4 5.e3 b5 6.a4 b4 7.Na2 e6 8.Bxc4 Be7 
9.Bd2 a5 10.Nc1 O-O 11.Nb3 Nbd7 12.O-O Bb7 13.Qe2 c5 14.Rfd1 Qb6 15.Be1 
Rfd8 16.Bb5 Bd5 17.Nfd2 cxd4 18.Nxd4 e5 19.Nf5 Bf8 20.e4 Be6 21.Nc4 Qa7 
22.Bd2 Bc5 23.Kh1 Bxf2 24.Ne7+ Kh8 25.Nc6 Qc5 26.Nxd8 Rxd8 27.Be3 Bxe3 28.
Qxe3 Qxe3 29.Nxe3 Nxe4 30.Kg1 Nec5 31.Rac1 Nb3 32.Rc6 Nd4 33.Rd6 Rb8 34.
Bxd7 Rd8 35.Rxe6 fxe6 36.Bb5 Kg8 37.Kf2 Rf8+ 38.Ke1 Nxb5 39.axb5 Rb8 40.b3
Rxb5 41.Ra1 e4 42.Nc4 Rg5 43.g3 Rh5 44.h4 1-0

[Event "Deltalift Open 2014"]
[Site "Tylosand"]
[Date "2014.05.29"]
[Round "3.2"]
[White "Haugli, Petter"]
[Black "Hector, Jonny"]
[Result "1/2-1/2"]
[WhiteElo "2292"]
[BlackElo "2511"]

1.d4 d5 2.c4 c6 3.Nf3 Nf6 4.Nc3 dxc4 5.a4 Bf5 6.e3 e6 7.Bxc4 Bb4 8.O-O 
Nbd7 9.Nh4 Bg6 10.Nxg6 hxg6 11.h3 Qc7 12.Qb3 a5 13.e4 Bxc3 14.bxc3 Nxe4 
15.Bxe6 Ndf6 16.Bc4 O-O-O 17.Rb1 g5 18.Bxf7 Nd5 19.Bxd5 cxd5 20.Re1 Rd7 
21.Qb6 Nxc3 22.Qxc7+ Rxc7 23.Ra1 Rc4 24.Bxg5 Nxa4 25.Re5 Rxd4 26.Be3 Rc4 
27.Rxd5 b6 28.Rd4 Rxd4 29.Bxd4 b5 30.Bxg7 Rh7 31.Be5 Kb7 32.f4 Ka6 33.f5 
Nc5 34.f6 b4 35.Rf1 Rf7 36.g4 Nd7 37.Ba1 a4 38.g5 Nf8 39.h4 Rh7 40.Rf4 Kb5
41.f7 a3 42.Rf5+ Kc4 43.Rf4+ Kb5 44.Rf5+ Ka4 45.Rf4 Kb5 46.Rf5+ Kc4 47.
Rf4+ Kb5 1/2-1/2

[Event "Deltalift Open 2014"]
[Site "Tylosand"]
[Date "2014.05.29"]
[Round "3.3"]
[White "Berg, Emanuel"]
[Black "Nygren, Kim"]
[Result "1-0"]
[WhiteElo "2547"]
[BlackElo "2209"]

1.e4 e5 2.Nf3 Nc6 3.Bb5 a6 4.Ba4 Nf6 5.O-O Be7 6.d3 b5 7.Bb3 O-O 8.Nc3 d6 
9.a3 Be6 10.Nd5 Bxd5 11.exd5 Nb8 12.Re1 Nfd7 13.d4 Bf6 14.a4 bxa4 15.Bxa4 
Nb6 16.dxe5 dxe5 17.Nxe5 Qxd5 18.Qxd5 Nxd5 19.Bb3 Ne7 20.Ng4 Nbc6 21.Nxf6+
gxf6 22.Be3 Rfd8 23.Bf4 Nd5 24.Bh6 Ne5 25.h3 Rd6 26.f4 Ng6 27.Bxd5 Rxd5 
28.Rxa6 Rb8 29.Rxf6 Rh5 30.f5 Nh4 31.Re5 Rd8 32.Kf2 Ng6 33.fxg6 Rxh6 34.
gxf7+ Kg7 35.Rxh6 1-0

[Event "Deltalift Open 2014"]
[Site "Tylosand"]
[Date "2014.05.29"]
[Round "3.4"]
[White "Drugge, Patrick"]
[Black "Brynell, Stellan"]
[Result "0-1"]
[WhiteElo "2170"]
[BlackElo "2460"]

1.e4 e6 2.d4 d5 3.exd5 exd5 4.Nf3 Bd6 5.c4 Nf6 6.Bg5 O-O 7.cxd5 h6 8.Bxf6 
Qxf6 9.Nc3 Re8+ 10.Be2 Qg6 11.O-O Bh3 12.Ne1 Bf5 13.Qd2 Nd7 14.Nb5 Nb6 15.
Bf3 a6 16.Nxd6 Qxd6 17.Rc1 Be4 18.Bxe4 Rxe4 19.Qc2 Rae8 20.Nf3 Nxd5 21.Qc5
Re2 22.Qxd6 cxd6 23.Rfe1 Kf8 24.Rxe2 Rxe2 25.Rb1 Nb4 26.Kf1 Rc2 27.Ne1 Rc4
28.a3 Nc6 29.Nf3 Nxd4 30.Nxd4 Rxd4 31.Rc1 b5 32.Rc6 a5 33.Ra6 Rd2 34.b3 
Rd3 35.Rxa5 Rxb3 36.Ra7 Ke8 37.Ke2 h5 38.h3 b4 39.axb4 Rxb4 40.Ke3 Rb3+ 
41.Ke4 Rb2 42.Ke3 Rb5 43.Ke4 Re5+ 44.Kf4 Re2 45.Kf3 Re7 46.Ra5 g6 47.Kf4 
Re2 48.Kf3 Re5 49.Ra7 Re7 50.Ra5 Rb7 51.g4 Rb3+ 52.Kg2 hxg4 53.hxg4 Ke7 
54.f3 Ke6 55.Kg3 Rb6 56.Kf4 d5 57.Ke3 Rb3+ 58.Kf4 g5+ 59.Kxg5 Rxf3 60.Kh4 
Ke5 61.g5 Ke4 62.Kg4 Rf1 63.Ra7 d4 64.Kg3 d3 65.Re7+ Kd4 66.Ra7 d2 0-1

[Event "Deltalift Open 2014"]
[Site "Tylosand"]
[Date "2014.05.29"]
[Round "3.5"]
[White "Cramling, Pia"]
[Black "Fransson, Peter"]
[Result "1/2-1/2"]
[WhiteElo "2507"]
[BlackElo "2237"]

1.d4 Nf6 2.c4 g6 3.Nc3 Bg7 4.e4 d6 5.h3 O-O 6.Nf3 c5 7.d5 e6 8.Bd3 exd5 9.
exd5 Re8+ 10.Be3 Nh5 11.O-O Rxe3 12.fxe3 Ng3 13.Rf2 Qe7 14.Qd2 Nd7 15.Ne2 
Nxe2+ 16.Qxe2 Ne5 17.Nxe5 Bxe5 18.Raf1 f6 19.a3 a5 20.b3 Bd7 21.Rb1 Bc3 
22.Qc2 Be5 23.b4 axb4 24.axb4 b6 25.bxc5 bxc5 26.Rb7 Qe8 27.Qb3 f5 28.Qb6 
f4 29.Qc7 fxe3 30.Rf1 e2 31.Re1 Bg3 32.Qxd7 Qxd7 33.Rxd7 Bxe1 34.Bxe2 Bg3 
1/2-1/2

[Event "Deltalift Open 2014"]
[Site "Tylosand"]
[Date "2014.05.29"]
[Round "3.6"]
[White "Rydstrom, Tom"]
[Black "Sjodahl, Pontus"]
[Result "0-1"]
[WhiteElo "2190"]
[BlackElo "2433"]

1.e4 e6 2.d4 d5 3.Nc3 Bb4 4.e5 c5 5.a3 Bxc3+ 6.bxc3 Ne7 7.Qg4 O-O 8.Nf3 
Nbc6 9.Bd3 f5 10.exf6 Rxf6 11.Bg5 Rf7 12.Qh5 g6 13.Qh4 c4 14.Be2 Qa5 15.
Bd2 Nf5 16.Qg5 Nd6 17.h4 Ne4 18.Qh6 Qc7 19.h5 g5 20.Bxg5 e5 21.Bd2 Ne7 22.
Nxe5 Rf6 23.Qe3 Nf5 24.Qf4 Nxd4 25.cxd4 Rxf4 26.Bxf4 Qa5+ 27.Kf1 Qc3 28.
Rd1 Qxc2 29.Rh4 Bf5 30.g4 Be6 31.g5 Rf8 32.g6 Nc3 33.Re1 Rxf4 34.Rxf4 Nxe2
35.Rf6 Bh3# 0-1

[Event "Deltalift Open 2014"]
[Site "Tylosand"]
[Date "2014.05.29"]
[Round "3.7"]
[White "Bellon, Juan"]
[Black "Svensson, Anders"]
[Result "1-0"]
[WhiteElo "2402"]
[BlackElo "2142"]

1.d4 Nf6 2.Bg5 e6 3.e4 h6 4.Bxf6 Qxf6 5.Qd2 b6 6.Nc3 Bb7 7.Nf3 Bb4 8.Bd3 
d6 9.a3 Bxc3 10.Qxc3 c6 11.e5 Qe7 12.O-O-O d5 13.h4 Nd7 14.h5 c5 15.Bb5 
Rc8 16.Bxd7+ Qxd7 17.Rh3 cxd4 18.Qd2 Qc7 19.Rg3 O-O 20.Re1 Kh8 21.Nxd4 Qe7
22.Rg4 Rc4 23.Re3 Rfc8 24.Reg3 Qf8 25.c3 Ba6 26.Kb1 b5 27.Rf4 Qe8 28.Rf6 
Kh7 29.Rxg7+ Kxg7 30.Qxh6+ Kg8 31.Qg5+ Kf8 32.Rh6 1-0

[Event "Deltalift Open 2014"]
[Site "Tylosand"]
[Date "2014.05.29"]
[Round "3.8"]
[White "Reimanis, Ritvars"]
[Black "Kantans, Toms"]
[Result "1-0"]
[WhiteElo "2206"]
[BlackElo "2440"]

1.b3 e5 2.Bb2 Nc6 3.e3 Nf6 4.c4 a5 5.Nc3 Bc5 6.Nge2 O-O 7.d4 exd4 8.Nxd4 
Nxd4 9.exd4 Bb4 10.Be2 a4 11.bxa4 d5 12.O-O Re8 13.Nxd5 Nxd5 14.cxd5 Qxd5 
15.Bf3 Qa5 16.a3 Bd6 17.Re1 Bd7 18.Rxe8+ Rxe8 19.Qc1 b6 20.Qc3 Qxa4 21.Bd5
Qb5 22.Bf3 h6 23.Bc1 c5 24.Be3 c4 25.a4 Qb3 26.Qxb3 cxb3 27.Rb1 Bxa4 28.
Bd5 Rc8 29.Bxb3 b5 30.g3 Kf8 31.Bd2 Ke7 32.Kf1 Bxb3 33.Rxb3 Rb8 34.Ke2 Ke6
35.d5+ Kxd5 36.Rd3+ Kc4 37.Rxd6 b4 38.Rc6+ Kd4 39.Be3+ Kd5 40.Rb6 1-0

[Event "Deltalift Open 2014"]
[Site "Tylosand"]
[Date "2014.05.29"]
[Round "3.9"]
[White "Kumar, Rahul"]
[Black "Welin, Mats"]
[Result "1-0"]
[WhiteElo "2169"]
[BlackElo "2304"]

1.c4 Nf6 2.Nc3 c5 3.g3 d5 4.cxd5 Nxd5 5.Bg2 Nc7 6.e3 g6 7.Nge2 Bg7 8.d4 
cxd4 9.exd4 Nc6 10.Be3 O-O 11.O-O Bf5 12.d5 Ne5 13.h3 Nc4 14.Qb3 Nxe3 15.
fxe3 Qd6 16.Rad1 Rac8 17.g4 Bd7 18.Ne4 Qe5 19.d6 Be6 20.Qxb7 Bd5 21.Rxd5 
Nxd5 22.dxe7 Nxe7 23.Qxa7 Rc2 24.N4c3 Rxb2 25.Rf4 f5 26.Qa3 Rfb8 27.e4 Rc2
28.gxf5 Rxc3 29.Qxc3 Qxc3 30.Nxc3 Bxc3 31.f6 Be5 32.Rf3 Nc6 33.Bf1 Rb4 34.
Rd3 Rd4 35.Rc3 Rd6 36.Rc5 Bxf6 37.Bc4+ Kg7 38.Rb5 Bd4+ 39.Kg2 Ne5 40.Bd5 
Rf6 41.Rb3 Rf2+ 42.Kg3 h5 43.h4 Rf1 44.Rb4 Be3 45.Rb3 Rg1+ 46.Kh3 Bf4 47.
a4 Ra1 48.Rb7+ Kh6 49.Ra7 Rh1+ 50.Kg2 Rxh4 51.a5 Rh2+ 52.Kf1 Nf3 53.Rf7 
Kg5 54.a6 Kg4 55.e5 Rh1+ 56.Ke2 Re1+ 57.Kf2 Nxe5 58.Kxe1 1-0

[Event "Deltalift Open 2014"]
[Site "Tylosand"]
[Date "2014.05.29"]
[Round "3.10"]
[White "Frisk Kockum, Anton"]
[Black "Ronneland, Daniel"]
[Result "0-1"]
[WhiteElo "2326"]
[BlackElo "2231"]

1.d4 Nf6 2.Nf3 g6 3.c4 Bg7 4.Nc3 O-O 5.e4 d6 6.Be2 e5 7.O-O Na6 8.Be3 Ng4 
9.Bg5 Qe8 10.c5 exd4 11.Nd5 Qxe4 12.Ne7+ Kh8 13.Re1 Nb4 14.cxd6 f6 15.Bh4 
d3 16.Bf1 Qc4 17.a3 Nc6 18.Bxd3 Qc5 19.Nxc8 Raxc8 20.dxc7 Rxc7 21.Rc1 Qb6 
22.Qc2 Rd7 23.Bc4 Nce5 24.Nxe5 Nxe5 25.Bf1 Qd4 26.Bg3 Rfd8 27.Re4 Qd2 28.
Bxe5 Qxc2 29.Rxc2 fxe5 30.g3 Rd2 31.Rec4 h5 32.b4 Rxc2 33.Rxc2 Rd7 34.Bh3 
Re7 35.Kf1 e4 36.Ke2 Bd4 37.Rc4 Bb6 38.a4 Rf7 39.Rxe4 Rxf2+ 40.Kd3 Rxh2 
41.Bc8 Rg2 42.g4 h4 43.Bxb7 Rg3+ 44.Kc4 h3 45.a5 Bg1 46.b5 h2 47.b6 axb6 
48.a6 b5+ 49.Kxb5 Rb3+ 50.Ka4 Rb1 51.Re7 Bc5 52.Re6 Kg7 53.Bd5 h1=Q 54.
Bxh1 Rxh1 55.Kb5 Bf2 56.Re2 Rb1+ 57.Kc6 Bg1 58.Kc7 Kh6 59.Ra2 Kg5 60.a7 
Bxa7 61.Rxa7 Kxg4 62.Kd6 Re1 63.Ra4+ Kf3 64.Ra3+ Kf4 65.Kd5 g5 66.Ra8 g4 
67.Rf8+ Kg3 68.Kd4 Kg2 69.Kd3 g3 70.Kd2 Rf1 71.Rg8 Rf7 72.Ke3 Re7+ 73.Kf4 
Kf2 0-1

[Event "Deltalift Open 2014"]
[Site "Tylosand"]
[Date "2014.05.29"]
[Round "3.11"]
[White "Blomstrom, Lars"]
[Black "Ziegler, Ari"]
[Result "0-1"]
[WhiteElo "2155"]
[BlackElo "2330"]

1.e4 c5 2.Nf3 e6 3.d4 cxd4 4.Nxd4 a6 5.Nc3 Qc7 6.Be3 Bb4 7.Qd3 Nf6 8.Bd2 
Nc6 9.O-O-O Nxd4 10.Qxd4 Bc5 11.Qd3 Ng4 12.Be2 Nxf2 13.Qf3 Nxh1 14.Rxh1 
O-O 15.Bd3 d6 16.Ne2 Bd7 17.Rf1 Rac8 18.Qh5 Bb5 19.Bxb5 axb5 20.c3 b4 21.
Rf3 bxc3 22.bxc3 Qa5 23.Rh3 Ba3+ 24.Kd1 Qa4+ 25.Ke1 Qxe4 0-1

[Event "Deltalift Open 2014"]
[Site "Tylosand"]
[Date "2014.05.29"]
[Round "3.12"]
[White "Kristensen, Kaare Hove"]
[Black "Madebrink, Lars"]
[Result "0-1"]
[WhiteElo "2350"]
[BlackElo "2191"]

1.e4 c5 2.Nf3 d6 3.d4 cxd4 4.Nxd4 Nf6 5.Nc3 a6 6.Bg5 Nbd7 7.Bc4 e6 8.O-O 
b5 9.Bxe6 fxe6 10.Nxe6 Qb6 11.Nd5 Nxd5 12.exd5 Ne5 13.Be3 Qb8 14.f4 Bxe6 
15.dxe6 Nc6 16.f5 h5 17.Qd5 Qb7 18.f6 gxf6 19.Rxf6 O-O-O 20.Rf7 Ne7 21.
Qxb7+ Kxb7 22.Bd4 Rg8 23.Raf1 Kc6 24.Rh7 Kd5 25.Bf6 Re8 26.Re1 Rg6 27.
Rxh5+ Kc6 28.Bh4 Nd5 29.Rh8 Rh6 30.Rxh6 Bxh6 31.Kf2 Bg7 32.c3 Be5 33.h3 
Rxe6 34.Kf3 Re8 35.Bg5 Rf8+ 36.Ke2 Bg3 37.Rf1 Rxf1 38.Kxf1 Kd7 39.Ke2 Bf4 
40.Bxf4 Nxf4+ 41.Kf3 Nd3 42.h4 Nxb2 43.h5 Ke6 44.Ke4 Na4 45.Kd4 Nb6 46.g4 
Kf6 47.Ke4 Kg5 48.Kd4 a5 49.a3 a4 50.Ke4 Nc4 51.Kd5 Nxa3 52.Ke6 Nc4 53.Kf7
Ne5+ 0-1

[Event "Deltalift Open 2014"]
[Site "Tylosand"]
[Date "2014.05.29"]
[Round "3.13"]
[White "Harren, Mats"]
[Black "Akesson, Joel"]
[Result "0-1"]
[WhiteElo "2033"]
[BlackElo "2287"]

1.e4 e6 2.d4 d5 3.Nd2 Nf6 4.e5 Nfd7 5.f4 c5 6.c3 Nc6 7.Ndf3 cxd4 8.cxd4 a5
9.Bd3 Nb6 10.Ne2 a4 11.O-O Bd7 12.Kh1 Nc4 13.Ng5 g6 14.Nc3 h6 15.Nf3 Nb4 
16.Bb1 Qa5 17.a3 Nc6 18.Qd3 b5 19.Bc2 Be7 20.Bd2 Qb6 21.Nd1 Nxd2 22.Qxd2 
b4 23.Ne3 Na5 24.Ng4 bxa3 25.bxa3 Nb3 26.Bxb3 axb3 27.Qb2 Ba4 28.Nd2 Kf8 
29.Rf3 Kg7 30.Ne3 Rac8 31.Raf1 Qc6 32.Nxb3 Rb8 33.f5 Rxb3 34.f6+ Kg8 35.
fxe7 Rxb2 36.Rxf7 Qe8 37.Rf8+ Kg7 0-1

[Event "Deltalift Open 2014"]
[Site "Tylosand"]
[Date "2014.05.29"]
[Round "3.14"]
[White "Nilsson, Anders"]
[Black "Nilsson, Patrik"]
[Result "0-1"]
[WhiteElo "2214"]
[BlackElo "2104"]

1.d4 f5 2.Nc3 g6 3.Bg5 Nh6 4.h4 Nf7 5.Nf3 Bg7 6.e3 d5 7.Bd3 Nc6 8.Bb5 O-O 
9.Qe2 h6 10.Bf4 Nb8 11.Ne5 Nxe5 12.Bxe5 Bxe5 13.dxe5 c6 14.Bd3 Nd7 15.f4 
h5 16.O-O-O Nc5 0-1

[Event "Deltalift Open 2014"]
[Site "Tylosand"]
[Date "2014.05.29"]
[Round "3.15"]
[White "Wiander, Michael"]
[Black "Olsen, Robin"]
[Result "1-0"]
[WhiteElo "2204"]
[BlackElo "2039"]

1.e4 c6 2.d4 d5 3.Nc3 dxe4 4.f3 exf3 5.Nxf3 Nf6 6.Bc4 Bf5 7.O-O e6 8.Ne5 
Bg6 9.Bg5 Be7 10.Kh1 Nbd7 11.Qf3 Nb6 12.Bb3 Qxd4 13.Rfe1 Bh5 14.Qh3 Ng4 
15.Rf1 Qxe5 16.Qxh5 g6 17.Qxg4 Qxg5 18.Qd4 O-O 19.Ne4 Qh4 20.g3 Qh6 21.Rf4
Qg7 22.Qf2 Nd5 23.Bxd5 cxd5 24.Nf6+ Bxf6 25.Rxf6 Rac8 26.Rf1 b6 27.c3 Rc4 
28.Qe2 Qh6 29.Rxe6 Rcc8 30.Re7 a5 31.Qf3 Qg7 32.Qxd5 Rce8 33.Rfxf7 Qxf7 
34.Qxf7+ Rxf7 35.Rxe8+ Kg7 36.Kg2 Rd7 37.Kf3 Rd2 38.Re2 Rd1 39.Re6 b5 40.
Re5 b4 41.c4 a4 42.Rb5 a3 43.Rxb4 axb2 44.Rxb2 Rc1 45.Rb7+ Kf6 46.Rc7 Ke5 
47.a4 Kd6 48.Rxh7 Rxc4 49.Rh4 Rc3+ 50.Kf4 Ke6 51.Kg5 Rc8 52.Rh6 Kf7 53.
Rh7+ Ke6 54.Kxg6 Rg8+ 55.Rg7 Ra8 56.g4 Rxa4 57.g5 Ke5 58.Re7+ Kf4 59.Kh5 
Ra8 60.Rf7+ Ke5 61.g6 Rh8+ 62.Rh7 Rg8 63.Kg5 Ke6 64.h4 Rc8 65.h5 Rc1 66.
Ra7 Rc5+ 67.Kh6 Rc6 68.Kh7 Rc5 69.h6 1-0

[Event "Deltalift Open 2014"]
[Site "Tylosand"]
[Date "2014.05.29"]
[Round "3.16"]
[White "Johansson, Linus"]
[Black "Johansson, Mikael"]
[Result "1-0"]
[WhiteElo "2338"]
[BlackElo "2095"]

1.d4 Nf6 2.c4 e5 3.dxe5 Ng4 4.Nf3 Bc5 5.e3 Nc6 6.Be2 Ngxe5 7.Nxe5 Nxe5 8.
O-O O-O 9.Nc3 a5 10.b3 Ra6 11.Bb2 Qh4 12.Nb5 Re6 13.Nxc7 Bd6 14.g3 Rg6 15.
Qxd6 1-0

[Event "Deltalift Open 2014"]
[Site "Tylosand"]
[Date "2014.05.29"]
[Round "3.17"]
[White "Wallin, Dennis"]
[Black "Astr\F6m, Lars"]
[Result "0-1"]
[WhiteElo "2122"]
[BlackElo "1937"]

1.Nf3 d5 2.c4 c6 3.Qc2 Nf6 4.g3 Bg4 5.Bg2 e6 6.O-O Bd6 7.d4 Nbd7 8.Bg5 O-O
9.Nbd2 h6 10.Bxf6 Nxf6 11.e4 dxe4 12.Nxe4 Nxe4 13.Qxe4 Bf5 14.Qe3 Qc7 15.
c5 Be7 16.Ne5 Bf6 17.f4 Rad8 18.b4 Bxe5 19.fxe5 Rd7 20.Rad1 a5 21.b5 cxb5 
22.d5 Rc8 23.Rxf5 exf5 24.Rc1 Qd8 25.d6 Qg5 26.Qxg5 hxg5 27.Bxb7 Rxb7 28.
c6 Rbb8 29.c7 Ra8 30.d7 Kf8 31.dxc8=Q+ Rxc8 32.Rc5 b4 33.Kf2 Ke7 34.Ke3 
Kd7 35.Kd4 g6 36.Rxa5 Rxc7 37.Rb5 Rc2 38.Rb7+ Ke6 39.Rb6+ Ke7 40.Rb7+ Kf8 
41.e6 fxe6 42.Ke5 Rxa2 43.Kf6 Ke8 44.Kxg5 Rxh2 45.Kxg6 Re2 46.Rxb4 Re3 47.
Kf6 Kd7 48.g4 Re4 49.Rxe4 fxe4 50.g5 e3 51.g6 e2 52.g7 e1=Q 53.g8=Q Qa1+ 
54.Kf7 Qf1+ 0-1

[Event "Deltalift Open 2014"]
[Site "Tylosand"]
[Date "2014.05.29"]
[Round "3.18"]
[White "Wengholm, Anders"]
[Black "Stray, Gunnar"]
[Result "1-0"]
[WhiteElo "2177"]
[BlackElo "2069"]

1.Nf3 Nf6 2.c4 c6 3.g3 d5 4.Bg2 g6 5.O-O Bg7 6.d4 O-O 7.b3 Nbd7 8.Bb2 Ne4 
9.Nc3 Ndf6 10.e3 Nxc3 11.Bxc3 Ne4 12.Bb2 Qa5 1-0

[Event "Deltalift Open 2014"]
[Site "Tylosand"]
[Date "2014.05.29"]
[Round "4.1"]
[White "Akesson, Joel"]
[Black "Persson, Tiger Hillarp"]
[Result "0-1"]
[WhiteElo "2287"]
[BlackElo "2556"]

1.Nf3 Nf6 2.c4 e6 3.g3 a6 4.Bg2 b5 5.O-O bxc4 6.Qa4 Be7 7.Na3 O-O 8.Nxc4 
d5 9.Nce5 c5 10.d4 Bd7 11.Qc2 Qa5 12.Bg5 Rc8 13.Rfc1 Qd8 14.Bxf6 gxf6 15.
Nxd7 Nxd7 16.Qd2 f5 17.h4 Bf6 18.e3 Qb6 19.Rab1 a5 20.b3 Qb4 21.Rd1 Qxd2 
22.Rxd2 cxd4 23.Nxd4 a4 24.bxa4 Rxa4 25.Bf1 Ne5 26.Be2 Rca8 27.Rbb2 Nc4 
28.Bxc4 Rxc4 29.Rbc2 Rxc2 30.Rxc2 Bxd4 31.exd4 Ra4 32.Rd2 Kg7 33.Kg2 Ra3 
34.Rb2 Kf6 35.Kf1 Ra4 36.Rd2 f4 37.Kg2 Kf5 38.f3 fxg3 39.Kxg3 h5 40.Rb2 
Rxd4 41.Rb7 f6 42.Ra7 Rd2 43.a4 e5 44.a5 Rd3 45.Kg2 Kf4 46.Ra6 f5 47.Rb6 
Ra3 48.a6 d4 49.Rf6 d3 50.Rd6 Ra2+ 51.Kh3 Ke3 52.Rd5 e4 53.fxe4 fxe4 54.
Rxh5 Rxa6 55.Rd5 Kd2 56.Kg4 e3 57.h5 e2 0-1

[Event "Deltalift Open 2014"]
[Site "Tylosand"]
[Date "2014.05.29"]
[Round "4.2"]
[White "Ronneland, Daniel"]
[Black "Berg, Emanuel"]
[Result "1/2-1/2"]
[WhiteElo "2231"]
[BlackElo "2547"]

1.e4 e6 2.d4 d5 3.Nd2 Nf6 4.e5 Nfd7 5.Bd3 c5 6.c3 Nc6 7.Ne2 cxd4 8.cxd4 f6
9.exf6 Nxf6 10.Nf3 Bd6 11.O-O Qc7 12.Bd2 O-O 13.Rc1 Bd7 14.Ng3 Qb6 15.Bc3 
Bf4 16.Rc2 Nb4 17.Bxb4 Qxb4 18.Ne2 Bd6 19.Nc3 g6 20.Re1 Nh5 21.Bf1 Rf6 22.
g3 Raf8 23.Re3 Ng7 24.Ne5 Bxe5 25.Rxe5 Nf5 26.Rd2 Nd6 27.a3 Qb6 28.Qg4 Nf7
29.Re3 Nh6 30.Qd1 Nf5 31.Re5 Nd6 32.Qg4 Nf7 33.Re3 Nh6 34.Qd1 Nf5 35.Re5 
Nd6 36.Qg4 Nf7 1/2-1/2

[Event "Deltalift Open 2014"]
[Site "Tylosand"]
[Date "2014.05.29"]
[Round "4.3"]
[White "Brynell, Stellan"]
[Black "Wiander, Michael"]
[Result "1-0"]
[WhiteElo "2460"]
[BlackElo "2204"]

1.d4 Nf6 2.Nf3 Ne4 3.c4 e6 4.Nbd2 d5 5.g3 Be7 6.Bg2 O-O 7.O-O f5 8.Qc2 c6 
9.b3 Qe8 10.Ne5 Nxd2 11.Bxd2 Nd7 12.Nd3 Kh8 13.Rad1 Bf6 14.Bc3 dxc4 15.
bxc4 e5 16.e3 f4 17.dxe5 Nxe5 18.Nxf4 Bg4 19.f3 Be6 20.Bb4 Rg8 21.Nxe6 
Qxe6 22.c5 Nc4 23.Rfe1 Rad8 24.Rxd8 Rxd8 25.Qb3 Qd5 26.f4 Qg8 27.Kh1 a5 
28.Bf1 Nxe3 29.Bxa5 Qxb3 30.axb3 Re8 31.Bd2 Bd4 32.b4 Kg8 33.Bh3 Kf8 34.
Bd7 Re7 35.Bc8 b6 36.cxb6 Bxb6 37.h3 Ke8 38.Bc3 Kd8 39.Ba6 Ra7 40.Ra1 Nf5 
41.Kg2 Bd4 42.Bxd4 Nxd4 43.Rd1 Rxa6 44.Rxd4+ Ke7 45.Kf3 Ra3+ 46.Kg4 Ra4 
47.Rc4 c5 48.Rxc5 Rxb4 49.Rc7+ Kf6 50.h4 Rb6 51.h5 h6 52.Ra7 Rc6 53.Kh4 
Rd6 54.g4 Rd4 55.Kg3 Rd3+ 56.Kf2 Rb3 57.Rd7 Ra3 58.Rd4 Rb3 59.Re4 Ra3 60.
Re3 Ra2+ 61.Kf3 Ra4 62.Rb3 Ra6 63.Rd3 Re6 64.Ra3 Rb6 65.Ra4 Re6 66.Ra5 Rb6
67.Rf5+ Ke6 68.Rf8 Rb3+ 69.Kf2 Rb2+ 70.Kg3 Rb3+ 71.Kh4 Rb1 72.Re8+ Kf7 73.
Re3 Rb4 74.Kg3 Kf6 75.Kf3 Ra4 76.Rd3 Rb4 77.Ke3 Rb1 78.Rd6+ Kf7 79.Ke4 
Re1+ 80.Kf5 Re7 81.g5 hxg5 82.fxg5 Ra7 83.Rd5 g6+ 84.hxg6+ Kg7 85.Rd6 Ra5+
86.Kg4 Ra7 87.Kh5 Re7 88.Rf6 Re1 89.Rf7+ Kg8 90.Ra7 Re4 91.g7 Rf4 92.Kg6 
1-0

[Event "Deltalift Open 2014"]
[Site "Tylosand"]
[Date "2014.05.29"]
[Round "4.4"]
[White "Sjodahl, Pontus"]
[Black "Reimanis, Ritvars"]
[Result "1-0"]
[WhiteElo "2433"]
[BlackElo "2206"]

1.d4 Nf6 2.c4 e6 3.Nc3 Bb4 4.e3 O-O 5.Ne2 d5 6.a3 Be7 7.cxd5 exd5 8.Nf4 c6
9.Bd3 Bd6 10.O-O Re8 11.f3 Bxf4 12.exf4 b6 13.b4 Qd6 14.Rf2 b5 15.Bd2 Bb7 
16.a4 a6 17.Ne2 Nbd7 18.a5 Re7 19.f5 Ne8 20.g4 Nf8 21.Nc1 Qd8 22.Nb3 f6 
23.Nc5 Bc8 24.Bf4 Nd6 25.Kh1 g5 26.fxg6 Nxg6 27.Bh6 Nf7 28.Bd2 Nf8 29.Qc2 
Qd6 30.Rg1 Ng5 31.Rg3 Nfe6 32.Qc1 Rg7 33.Nb3 Bd7 34.Rfg2 Rf8 35.h4 Nf7 36.
f4 f5 37.Bxf5 Nh6 38.Bxe6+ Bxe6 39.f5 Nxf5 40.gxf5 Rxg3 41.Bf4 1-0

[Event "Deltalift Open 2014"]
[Site "Tylosand"]
[Date "2014.05.29"]
[Round "4.5"]
[White "Madebrink, Lars"]
[Black "Bellon, Juan"]
[Result "0-1"]
[WhiteElo "2191"]
[BlackElo "2402"]

1.d4 Nf6 2.c4 c5 3.Nf3 cxd4 4.Nxd4 e5 5.Nb5 d5 6.cxd5 Bc5 7.e3 O-O 8.N5c3 
e4 9.Be2 Qe7 10.Na3 Rd8 11.Qb3 a6 12.Nc4 b5 13.d6 Qe8 14.Na5 Be6 15.Qc2 
Bb4 16.Nb3 Nc6 17.Bd2 Bc4 18.O-O Bxd6 19.Bxc4 bxc4 20.Nd4 Qe5 21.f4 Nxd4 
22.fxe5 Nxc2 23.Rac1 Nxe3 24.Bxe3 Bxe5 25.Na4 Ng4 26.Bb6 Bxh2+ 27.Kh1 Rd6 
28.Rxc4 Re8 29.Re1 f5 30.Bc7 Rh6 31.Bxh2 Rxh2+ 32.Kg1 Rd8 33.Rc2 e3 34.Nc5
Rd2 35.Rxd2 exd2 36.Rd1 Rxg2+ 37.Kxg2 Ne3+ 38.Kf3 Nxd1 39.Ke2 Nxb2 40.Kxd2
h5 41.Nxa6 h4 0-1